[Event "Villa Ballester op 69th"]
[Site "Villa Ballester"]
[Date "2019.01.20"]
[Round "4"]
[White "Marinesco, Tomas"]
[Black "Bana, Emiliano"]
[Result "0-1"]
[WhiteElo "1481"]
[BlackElo "1755"]
[PlyCount "56"]
[EventDate "2019.01.16"]
[EventType "swiss"]
[EventRounds "9"]
[EventCountry "ARG"]
[SourceTitle "CBM 188 Extra"]
[Source "ChessBase"]
[SourceDate "2019.02.26"]
[SourceVersion "1"]
[SourceVersionDate "2019.02.26"]
[SourceQuality "1"]

1. e4 c5 2. Nf3 g6 3. d4 cxd4 4. Nxd4 Bg7 5. Be2 Nc6 6. Be3 Nf6 7. Nc3 0-0 8. 0-0 d5 9. exd5 Nxd5 10. Nxc6 bxc6 11. Nxd5 cxd5 12. c3 a5 13. Qd2 Re8 14. Rfd1 Rb8 15. Bf3 e6 16. Rab1 Ba6 17. Be2 Qc8 18. Bxa6 Qxa6 19. Bd4 e5 20. Bc5 Red8 21. Qd3 Qc6 22. Ba3 Qa4 23. Rd2 e4 24. Qg3 Qxa3 25. Rxd5 Qxa2 26. Rxd8+ Rxd8 27. Rf1 Qxb2 28. Qc7 Rd2 0-1

[Event "Villa Ballester op 69th"]
[Site "Villa Ballester"]
[Date "2019.01.16"]
[Round "1"]
[White "Conlazo, Eusebio"]
[Black "Marinesco, Tomas"]
[Result "1/2-1/2"]
[WhiteElo "1990"]
[BlackElo "1481"]
[PlyCount "100"]
[EventDate "2019.01.16"]
[EventType "swiss"]
[EventRounds "9"]
[EventCountry "ARG"]
[SourceTitle "CBM 188 Extra"]
[Source "ChessBase"]
[SourceDate "2019.02.26"]
[SourceVersion "1"]
[SourceVersionDate "2019.02.26"]
[SourceQuality "1"]

1. Nf3 Nc6 2. d4 d5 3. e3 Nf6 4. c4 e6 5. Nc3 Be7 6. Be2 a6 7. 0-0 0-0 8. b3 Nb8 9. Bb2 c6 10. Rc1 b5 11. Qc2 h6 12. Ne5 Bb7 13. f4 Nbd7 14. c5 Nxe5 15. fxe5 Nd7 16. Bg4 Bc8 17. Rce1 f5 18. Bh5 Bg5 19. g3 b4 20. Nd1 a5 21. Bc1 Ba6 22. Rf3 Qc7 23. h4 Be7 24. Nf2 Rfc8 25. Nh3 Nf8 26. Rf2 g6 27. Be2 Bxe2 28. Qxe2 Kg7 29. Ref1 Qd7 30. Kg2 Nh7 31. h5 g5 32. g4 Rf8 33. Qd3 Rf7 34. gxf5 exf5 35. Rxf5 Rxf5 36. Rxf5 Qe8 37. Qe2 Qd7 38. Qf3 Qe8 39. Nf2 Rd8 40. Bd2 Ra8 41. Ng4 Qxh5 42. e4 Rd8 43. exd5 Rxd5 44. Be3 Qg6 45. Nf2 Qe8 46. Ne4 Qg6 47. Ng3 Kg8 48. Qh5 Kg7 49. Qf3 Kg8 50. Qh5 Kg7 1/2-1/2

[Event "ARG-ch U1700"]
[Site "Tacuari"]
[Date "2018.11.18"]
[Round "6"]
[White "Robles Medina, Gabriel"]
[Black "Marinesco, Tomas"]
[Result "1-0"]
[WhiteElo "1631"]
[BlackElo "1493"]
[PlyCount "97"]
[EventDate "2018.11.16"]
[EventType "swiss"]
[EventRounds "8"]
[EventCountry "ARG"]
[SourceTitle "EXT 2020"]
[Source "ChessBase"]
[SourceDate "2019.10.17"]
[SourceVersion "1"]
[SourceVersionDate "2019.10.17"]
[SourceQuality "1"]

1. Nf3 Nf6 2. d4 d5 3. c4 e6 4. Bg5 Bb4+ 5. Nc3 h6 6. Bxf6 Qxf6 7. e3 0-0 8. Bd3 c5 9. 0-0 Bxc3 10. bxc3 Nd7 11. Qc2 cxd4 12. cxd4 dxc4 13. Bxc4 Nb6 14. a4 Nxc4 15. Qxc4 b6 16. a5 bxa5 17. Ne5 Rd8 18. Rxa5 Bb7 19. Qc7 Bd5 20. Rxa7 Qf5 21. Qxf7+ Qxf7 22. Rxf7 Rf8 23. Rxf8+ Rxf8 24. h4 Rf5 25. g4 Rf8 26. Kh2 g5 27. hxg5 hxg5 28. f4 Kg7 29. Kg3 Be4 30. Rc1 Ra8 31. fxg5 Ra2 32. Rf1 Rg2+ 33. Kf4 Bb7 34. g6 Kf6 35. Re1 Rf2+ 36. Kg3 Rg2+ 37. Kh3 Rf2 38. g5+ Kg7 39. Rg1 Be4 40. Kg3 Re2 41. Kf4 Bd5 42. Rg3 Rf2+ 43. Kg4 Be4 44. Rh3 Rg2+ 45. Kf4 Bd5 46. Rh7+ Kg8 47. e4 Bxe4 48. Kxe4 Rxg5 49. Re7 1-0

[Event "ARG-ch U1700"]
[Site "Tacuari"]
[Date "2018.11.17"]
[Round "2"]
[White "Arias, Maria Paula"]
[Black "Marinesco, Tomas"]
[Result "0-1"]
[WhiteElo "1609"]
[BlackElo "1493"]
[PlyCount "94"]
[EventDate "2018.11.16"]
[EventType "swiss"]
[EventRounds "8"]
[EventCountry "ARG"]
[SourceTitle "EXT 2020"]
[Source "ChessBase"]
[SourceDate "2019.10.17"]
[SourceVersion "1"]
[SourceVersionDate "2019.10.17"]
[SourceQuality "1"]

1. d4 Nf6 2. c4 e6 3. Nc3 Bb4 4. Bd2 0-0 5. Nf3 d5 6. cxd5 exd5 7. e3 c6 8. Be2 Bf5 9. 0-0 h6 10. Rc1 Nbd7 11. Qb3 Bxc3 12. Bxc3 Qb8 13. Rfd1 Ne4 14. Bb4 Re8 15. Bd3 Ndf6 16. Qc2 Ng4 17. Be1 Qc8 18. Qe2 Nd6 19. Nh4 Bxd3 20. Qxd3 Nc4 21. b3 Nb2 22. Qc2 Nxd1 23. Qxd1 Qe6 24. Nf3 Qf6 25. h3 Nxe3 26. fxe3 Rxe3 27. Bf2 Re6 28. Qd2 Rae8 29. Re1 Rxe1+ 30. Bxe1 Re4 31. Bf2 Qe7 32. Kf1 g5 33. Bg3 f6 34. Bf2 h5 35. Qd3 Kg7 36. Nd2 Re6 37. Qf3 Kh6 38. Qd3 Qh7 39. Qc3 b6 40. g3 Qf5 41. Kg2 Re2 42. Qf3 Qxf3+ 43. Nxf3 Rxa2 44. Kf1 Rb2 45. Ne1 Rxb3 46. Nc2 a5 47. Be3 Rc3 0-1